000 00474nam a2200169 i 4500
001 75780
003 ES-MaACL
005 20251124063453.0
007 t|
008 040927s1969 sp ||||1| spa d
100 1 _aGrau, José,
_d1931-
_9162643
245 1 3 _aLa otra violencia /
_cJosé Grau.
260 _aBarcelona :
_bEdiciones Evangélicas Europeas,
_c1969.
300 _a102 p. ;
_c22 cm.
852 _aES-MaACL
_jC-48506
_bR.71450
999 _c75780
_d75780